00338nam a2200133 450000500170000010000240001724500250004126400330006630000180009933600220011733700240013933800240016399900170018720260530113853.01 aWestinghouse93139410aManual del alumbrado 1bEd. Dossat SA Españac1987 a255 páginas atexto2rdacontent asin medio2rdamedia avolumen2rdacarrier c11511d11511